| Поле | Инд. | ПП | Название | Значение |
|---|---|---|---|---|
| Тип записи | a | |||
| Библиографический уровень | m | |||
| 001 | Контрольный номер | 9439cbd0-d01a-45ce-9458-717fa801e61e | ||
| 005 | Дата корректировки | 20140703133553.3 | ||
| 008 | Кодируемые данные | 050420 | ||
| 020 | c | Цена, тираж | б/ц | |
| 040 | a | Служба первич. каталог. | НБ ТвГУ | |
| 041 | a | Код языка текста | rus | |
| 080 | a | Индекс УДК | 316.7:37.03(043.3) | |
| 084 | a | Индекс другой классификации/Индекс ББК | С561.9я031 | |
| 090 | x | Авторский знак | З-58 | |
| a | Полочн. индекс | С561.9 | ||
| 100 | 1_ | a | Автор | Зерчанинова Татьяна Евгеньевна |
| 245 | 10 | a | Заглавие | Влияние инноваций в школе на развитие культуры общения учащихся |
| b | Продолж. заглавия | автореф. дис. ... канд. социол. наук : 22.00.06 | ||
| c | Ответственность | Урал. гос. ун-т, Каф. прикл. филологии | ||
| 260 | 0_ | a | Место издания | Екатеринбург |
| b | Издательство | Уральский государственный университет | ||
| c | Дата издания | 1997 | ||
| 300 | a | Объем | 19, [1] с. | |
| 500 | a | Примечание | На правах рукоп. | |
| 504 | a | Библиография | Библиогр.: с. 19-20. | |
| 583 | a | Действие | Получение впервые 115 20.04.2005 | |
| 650 | a | Основная рубрика | Педагогическая социология | |
| 650 | a | Основная рубрика | Школа общеобразовательная | |
| x | Основная подрубрика | Инновации | ||
| x | Основная подрубрика | Социология | ||
| 650 | a | Основная рубрика | Школьники | |
| x | Основная подрубрика | Культура общения | ||
| 653 | a | Ключевые слова | Педагогическая социология | |
| a | Ключевые слова | Социология воспитания и образования | ||
| a | Ключевые слова | Культура общения школьников | ||
| a | Ключевые слова | Общеобразовательная школа | ||
| a | Ключевые слова | Инновации в педагогике | ||
| a | Ключевые слова | Авторефераты | ||
| 852 | t | Порядковый номер экземпляра | 1 | |
| p | Инвентарный номер | б/н | ||
| 888 | a | Бесплатные | ||
| 930 | a | Новая/Ретро | авторефераты | |
| 952 | p | 115.2005 б/ц 1 б/н | ||
| c | Вид литературы | А/Р н | ||
| 954 | a | Дата поступления на обработку | 20050422 | |
| 999 | a | Подразделение 2 | ч.з. |